000 00596nam a2200229Ia 4500
003 OSt
005 20220928102054.0
006 a|||||r|||| 00| 0
007 ta
008 220927b |||||||| |||| 00| 0 eng d
024 _a61445
037 _cTextual
040 _aSDCL
_cSDCL
_beng
041 _2eng
_aeng
082 _aO152,3N30x, N4
100 _aBhandari Mannu
_9391582
245 0 _aDas pratinidhi kahaniya.
260 _aNew Delhi
_bKitab Ghar
_c1994
300 _a140p
_ccm.
942 _hO152,3N30x, N4
_cTEXL
_2CC
999 _c712123
_d712123